000 00612nam a22001577a 4500
003 OSt
005 20151104110215.0
008 151104b xxu||||| |||| 00| 0 eng d
040 _cRUA
082 _aFOR BOU 1996 B122 Or.1
100 _93331
_aBOUY, RATTANA.
245 _aA research on pinus merkusii planting in mondolkiri province (សិក្សារស្រាវជ្រាវអំពីការដាំស្រល់ស្លឺកពីរ​ (pinus merkusii)នៅខេត្តមណ្ឌលគិរី)
260 _aPhnom Penh
_bRUA
_c1996
300 _a92p.
_bill.
_c29cm.
942 _2ddc
_cFOR
999 _c3108
_d3108